[Event "CAN-op"]
[Site "Vancouver CAN"]
[Date "1999.07.05"]
[Round "5"]
[White "Cummings, David"]
[Black "Remedios, Russell"]
[Result "1-0"]
[WhiteElo "2385"]
[BlackElo "2110"]
[PlyCount "79"]
[GameId "2160767911743070"]
[EventDate "1999.07.02"]
[EventType "swiss"]
[EventRounds "11"]
[EventCountry "CAN"]
[SourceTitle "CA OP"]
[Source "ade"]

1. d4 e6 2. Nf3 Nf6 3. g3 b5 4. Bg2 Bb7 5. O-O c5 6. c3 Be7 7. Bg5 d6 8. a4 a6 9. axb5 axb5 10. Rxa8 Bxa8 11. dxc5 dxc5 12. Qb3 Qb6 13. Na3 Bc6 14. Ne5 Bxg2 15. Kxg2 b4 16. Qa4+ Nfd7 17. Nac4 Qb7+ 18. f3 f6 19. Nxd7 Qxd7 20. Qxd7+ Nxd7 21. Bf4 bxc3 22. bxc3 e5 23. Be3 Kf7 24. Ra1 Rb8 25. Ra7 Ke6 26. Ra6+ Kf7 27. Kf2 Rb3 28. Bd2 h5 29. e4 Rb1 30. f4 g6 31. Ra7 Nb6 32. Nxb6 Rxb6 33. fxe5 fxe5 34. Bg5 Re6 35. Ke3 Kf8 36. Bxe7+ Rxe7 37. Rxe7 Kxe7 38. Kd3 Kd6 39. Kc4 Kc6 40. h4 1-0

[Event "CAN-op"]
[Site "Vancouver CAN"]
[Date "1999.07.05"]
[Round "5"]
[White "Fullbrook, Nigel"]
[Black "Wright, Stephen"]
[Result "1-0"]
[WhiteElo "2351"]
[BlackElo "2220"]
[PlyCount "59"]
[GameId "2160767911743071"]
[EventDate "1999.07.02"]
[EventType "swiss"]
[EventRounds "11"]
[EventCountry "CAN"]
[SourceTitle "CA OP"]
[Source "ade"]

1. e4 Nf6 2. e5 Nd5 3. Bc4 e6 4. Nf3 c5 5. Nc3 Nb6 6. d3 Nc6 7. Bg5 Be7 8. h4 a6 9. Ne4 f6 10. Bxf6 Bxf6 11. exf6 gxf6 12. Nfg5 Qe7 13. Nd6+ Kd8 14. Ngf7+ Kc7 15. Nxh8 Kxd6 16. Qh5 Nd8 17. Qh6 Kc7 18. Rh3 d5 19. Rg3 Kb8 20. Bb3 Ka7 21. c3 e5 22. O-O-O Ne6 23. Rg8 Bd7 24. Rxa8+ Kxa8 25. Re1 c4 26. dxc4 dxc4 27. Bc2 Nf8 28. f4 Bc6 29. fxe5 fxe5 30. Qg5 1-0

[Event "CAN-op"]
[Site "Vancouver CAN"]
[Date "1999.07.05"]
[Round "5"]
[White "Gardner, Robert"]
[Black "McLaren, Sean"]
[Result "1-0"]
[WhiteElo "2338"]
[BlackElo "2066"]
[PlyCount "107"]
[GameId "2160767911743072"]
[EventDate "1999.07.02"]
[EventType "swiss"]
[EventRounds "11"]
[EventCountry "CAN"]
[SourceTitle "CA OP"]
[Source "ade"]

1. e4 c5 2. Nf3 d6 3. d4 cxd4 4. Nxd4 Nf6 5. Nc3 a6 6. Be2 e6 7. Be3 Be7 8. f4 Qc7 9. O-O Nbd7 10. g4 Nc5 11. Bf3 O-O 12. g5 Nfd7 13. Qd2 b5 14. b4 Na4 15. Nxa4 bxa4 16. e5 d5 17. c4 Rb8 18. c5 a5 19. a3 Ba6 20. Rfb1 Bc4 21. Bd1 Bb3 22. Nxb3 axb3 23. Rxb3 Rfc8 24. Bd4 g6 25. Rh3 Qc6 26. Bc2 Rc7 27. Bc3 Bxc5+ 28. bxc5 Qxc5+ 29. Kh1 d4 30. Bxg6 Qd5+ 31. Kg1 Rxc3 32. Bxh7+ Kg7 33. Bd3 Rbb3 34. Qe2 Kf8 35. Be4 Qc5 36. Rh8+ Ke7 37. g6 d3+ 38. Qf2 Qxf2+ 39. Kxf2 fxg6 40. Bxg6 Rb8 41. Rxb8 Nxb8 42. h4 d2 43. Rd1 Rxa3 44. Rxd2 Rc3 45. Rb2 Nc6 46. Rb7+ Kf8 47. h5 Ne7 48. Rb6 Rc4 49. Kg3 Rc6 50. Rb7 a4 51. Ra7 Rc4 52. Kg4 Nc6 53. Ra8+ Ke7 54. Kg5 1-0

[Event "CAN-op"]
[Site "Vancouver CAN"]
[Date "1999.07.05"]
[Round "5"]
[White "Gushuliak, Justin"]
[Black "Dornieden, Manfred"]
[Result "1-0"]
[WhiteElo "2073"]
[BlackElo "2263"]
[PlyCount "69"]
[GameId "2160767911743073"]
[EventDate "1999.07.02"]
[EventType "swiss"]
[EventRounds "11"]
[EventCountry "CAN"]
[SourceTitle "CA OP"]
[Source "ade"]

1. e4 g6 2. d4 Bg7 3. Nc3 d6 4. Be3 Nf6 5. f3 b6 6. Qd2 c5 7. Nge2 e5 8. dxe5 dxe5 9. Qxd8+ Kxd8 10. O-O-O+ Ke7 11. Nb5 Nc6 12. Nc7 Rb8 13. Bg5 Be6 14. Nc3 h6 15. Bxf6+ Bxf6 16. N7d5+ Bxd5 17. Nxd5+ Ke6 18. Bc4 Na5 19. Nxb6+ Nxc4 20. Nxc4 Rhd8 21. c3 h5 22. Rxd8 Bxd8 23. Rd1 Bc7 24. Rd5 Rd8 25. Rxc5 Rd7 26. Kc2 h4 27. Rc6+ Ke7 28. Ne3 Kd8 29. Nd5 Bb8 30. h3 Rd6 31. Rxd6+ Bxd6 32. Kd3 Kd7 33. Kc4 Ke6 34. Kb5 f5 35. b4 1-0

[Event "CAN-op"]
[Site "Vancouver CAN"]
[Date "1999.07.05"]
[Round "5"]
[White "Harris, Philip"]
[Black "O'Donnell, Tom"]
[Result "0-1"]
[WhiteElo "2089"]
[BlackElo "2489"]
[PlyCount "70"]
[GameId "2160767911743074"]
[EventDate "1999.07.02"]
[EventType "swiss"]
[EventRounds "11"]
[EventCountry "CAN"]
[SourceTitle "CA OP"]
[Source "ade"]

1. e4 c5 2. c3 Nf6 3. e5 Nd5 4. d4 cxd4 5. Bc4 Nb6 6. Bb3 d5 7. cxd4 Nc6 8. Nc3 Bf5 9. Nge2 e6 10. Ng3 Bg6 11. O-O Rc8 12. Be3 Be7 13. Rc1 O-O 14. Qg4 Nb4 15. Nce2 Nc4 16. Bxc4 dxc4 17. Nf4 Nd5 18. Nxg6 hxg6 19. Rfe1 Nxe3 20. fxe3 Bh4 21. Red1 Bxg3 22. Qxg3 Qa5 23. Qf2 Qxa2 24. Ra1 Qb3 25. Rf1 Qb6 26. Ra3 a6 27. e4 Rcd8 28. Rd1 f6 29. exf6 Rxf6 30. Qe3 Qxb2 31. Rc3 b5 32. d5 exd5 33. exd5 Qb4 34. Rcc1 Qd6 35. Ra1 Rf5 0-1

[Event "CAN-op"]
[Site "Vancouver CAN"]
[Date "1999.07.05"]
[Round "5"]
[White "Hua, Lefong"]
[Black "Bouvier, Jesse"]
[Result "1-0"]
[WhiteElo "2359"]
[BlackElo "2072"]
[PlyCount "57"]
[GameId "2160767911743075"]
[EventDate "1999.07.02"]
[EventType "swiss"]
[EventRounds "11"]
[EventCountry "CAN"]
[SourceTitle "CA OP"]
[Source "ade"]

1. c4 Nf6 2. Nc3 g6 3. e4 c5 4. e5 Ng8 5. Ne4 b6 6. d4 cxd4 7. Bg5 Qc7 8. Qe2 Bg7 9. f4 Kf8 10. Nf3 Nc6 11. Bh4 Nh6 12. Bf2 Nf5 13. Rd1 Bb7 14. Ng3 Ne3 15. Bxe3 dxe3 16. Qxe3 d6 17. exd6 exd6 18. Qd2 Rd8 19. Be2 Ne7 20. O-O d5 21. f5 Nxf5 22. Nxf5 gxf5 23. Nh4 Rd6 24. Nxf5 Rg6 25. cxd5 Qc5+ 26. Kh1 Rg8 27. Rc1 Rxg2 28. Rxc5 bxc5 29. Qf4 1-0

[Event "CAN-op"]
[Site "Vancouver CAN"]
[Date "1999.07.05"]
[Round "5"]
[White "Ivankovic, Goran"]
[Black "Gibney, Eugene"]
[Result "1/2-1/2"]
[WhiteElo "1844"]
[BlackElo "2199"]
[PlyCount "79"]
[GameId "2160767911743076"]
[EventDate "1999.07.02"]
[EventType "swiss"]
[EventRounds "11"]
[EventCountry "CAN"]
[SourceTitle "CA OP"]
[Source "ade"]

1. Nf3 d5 2. g3 Nc6 3. d4 Bg4 4. Bg2 Qd7 5. h3 Bh5 6. Bf4 f6 7. g4 Bg6 8. c3 e6 9. Nbd2 Nge7 10. b4 Nc8 11. a4 a5 12. b5 Nd8 13. O-O Bd6 14. Bxd6 Nxd6 15. g5 Ne4 16. Nxe4 Bxe4 17. e3 Nf7 18. gxf6 gxf6 19. Nh4 Bxg2 20. Kxg2 O-O-O 21. f4 Rdg8+ 22. Kh2 Rg7 23. Qc2 Rhg8 24. Rg1 Nd6 25. Nf3 Rxg1 26. Rxg1 Rxg1 27. Nxg1 Qg7 28. Ne2 Qg6 29. Qxg6 hxg6 30. Kg3 Nc4 31. f5 exf5 32. Nf4 Nxe3 33. Nxg6 Kd7 34. Kf4 Nd1 35. Kxf5 Nxc3 36. h4 Ne4 37. h5 Ng3+ 38. Kg4 Nxh5 39. Kxh5 c6 40. bxc6+ 1/2-1/2

[Event "CAN-op"]
[Site "Vancouver CAN"]
[Date "1999.07.05"]
[Round "5"]
[White "Lapides, Andrew"]
[Black "Gardner, David"]
[Result "1-0"]
[WhiteElo "2278"]
[BlackElo "2055"]
[PlyCount "57"]
[GameId "2160767911743077"]
[EventDate "1999.07.02"]
[EventType "swiss"]
[EventRounds "11"]
[EventCountry "CAN"]
[SourceTitle "CA OP"]
[Source "ade"]

1. e4 c5 2. Nc3 d6 3. g3 Nc6 4. Bg2 Nf6 5. d3 e6 6. f4 Be7 7. Nf3 O-O 8. O-O Rb8 9. h3 b5 10. g4 Qb6 11. g5 Nd7 12. Be3 b4 13. Ne2 d5 14. Nh4 d4 15. Bd2 c4 16. Ng3 c3 17. Bc1 g6 18. b3 f5 19. gxf6 Bxf6 20. Qg4 Ne7 21. Nh5 Bxh4 22. Qxh4 gxh5 23. Qxe7 Nf6 24. a3 Rf7 25. Qxb4 Qxb4 26. axb4 Rxb4 27. Ba3 Rb5 28. Bd6 Rg7 29. Be5 1-0

[Event "CAN-op"]
[Site "Vancouver CAN"]
[Date "1999.07.05"]
[Round "5"]
[White "Lipnowski, Irwin"]
[Black "Gufeld, Eduard"]
[Result "0-1"]
[WhiteElo "2347"]
[BlackElo "2463"]
[PlyCount "72"]
[GameId "2160767911743078"]
[EventDate "1999.07.02"]
[EventType "swiss"]
[EventRounds "11"]
[EventCountry "CAN"]
[SourceTitle "CA OP"]
[Source "ade"]

1. c4 g6 2. g3 Bg7 3. Bg2 c5 4. Nc3 Nc6 5. e3 Nh6 6. Nge2 Nf5 7. d3 O-O 8. O-O Rb8 9. Rb1 b6 10. b3 Bb7 11. Bb2 e6 12. Qd2 Qe7 13. Rfe1 Rbd8 14. d4 cxd4 15. exd4 d5 16. cxd5 Ncxd4 17. Nxd4 Nxd4 18. Qf4 Rfe8 19. Rbd1 e5 20. Qe4 Qd7 21. Qd3 f5 22. Rd2 e4 23. Qb1 Nf3+ 24. Bxf3 exf3 25. Rxe8+ Rxe8 26. Qd1 Qe7 27. h3 f4 28. gxf4 Bh6 29. Rd4 Qe1+ 30. Qxe1 Rxe1+ 31. Kh2 Bg7 32. Rd2 Bc8 33. d6 Bd7 34. Kg3 Rh1 35. f5 Be5+ 36. Kh4 Bxf5 0-1

[Event "CAN-op"]
[Site "Vancouver CAN"]
[Date "1999.07.05"]
[Round "5"]
[White "Lipnowski, Samuel"]
[Black "Milicevic, Dragoljub"]
[Result "0-1"]
[WhiteElo "1948"]
[BlackElo "2311"]
[PlyCount "68"]
[GameId "2160767911743079"]
[EventDate "1999.07.02"]
[EventType "swiss"]
[EventRounds "11"]
[EventCountry "CAN"]
[SourceTitle "CA OP"]
[Source "ade"]

1. c4 f5 2. Nc3 Nf6 3. g3 g6 4. Bg2 Bg7 5. d3 e5 6. e3 O-O 7. Nge2 d6 8. O-O c6 9. Rb1 a5 10. a3 Be6 11. b4 axb4 12. axb4 d5 13. cxd5 Nxd5 14. Nxd5 Bxd5 15. b5 Bxg2 16. Kxg2 Qd5+ 17. Kg1 c5 18. Qb3 Rd8 19. Ba3 b6 20. Rfc1 Ra7 21. Rc2 Rad7 22. Nc1 Rd6 23. Qxd5+ Rxd5 24. Rc4 Nd7 25. Ra4 Nf6 26. Ra6 e4 27. d4 cxd4 28. exd4 Rxd4 29. Rxb6 Rd1+ 30. Kg2 e3 31. Be7 exf2 32. Kxf2 R8d2+ 33. Kf3 Rf1+ 34. Ke3 Bh6# 0-1

[Event "CAN-op"]
[Site "Vancouver CAN"]
[Date "1999.07.05"]
[Round "5"]
[White "Pechisker, Alfred"]
[Black "Pitre, Hanniegn"]
[Result "1/2-1/2"]
[WhiteElo "2195"]
[BlackElo "2008"]
[PlyCount "84"]
[GameId "2160767911743080"]
[EventDate "1999.07.02"]
[EventType "swiss"]
[EventRounds "11"]
[EventCountry "CAN"]
[SourceTitle "CA OP"]
[Source "ade"]

1. d4 Nf6 2. c4 g6 3. Nc3 d5 4. Bg5 Ne4 5. Bh4 c6 6. e3 Bg7 7. Bd3 Nf6 8. Nf3 O-O 9. O-O Bg4 10. h3 Bxf3 11. Qxf3 dxc4 12. Bxc4 Nbd7 13. Rad1 Rc8 14. Bb3 Qa5 15. e4 e5 16. d5 Qc7 17. dxc6 bxc6 18. Rd2 Bh6 19. Rc2 Kg7 20. Nd5 Qd6 21. Nxf6 Nxf6 22. Rd1 Qe7 23. Bxf6+ Qxf6 24. Qxf6+ Kxf6 25. Rd6+ Ke7 26. Rdxc6 Rxc6 27. Rxc6 a5 28. Rc5 Kf6 29. Rxa5 Bc1 30. Ra6+ Kg7 31. Ra7 Bxb2 32. a4 Bd4 33. Rb7 g5 34. Kf1 h5 35. Bd5 Kg6 36. g4 hxg4 37. hxg4 Ra8 38. Bxf7+ Kh6 39. Bb3 Rf8 40. Bf7 Ra8 41. Rb4 Rf8 42. Rb7 Ra8 1/2-1/2

[Event "CAN-op"]
[Site "Vancouver CAN"]
[Date "1999.07.05"]
[Round "5"]
[White "Scholz, Franz Peter"]
[Black "Ristovic, Nenad"]
[Result "0-1"]
[WhiteElo "2166"]
[BlackElo "2308"]
[PlyCount "146"]
[GameId "2160767911743081"]
[EventDate "1999.07.02"]
[EventType "swiss"]
[EventRounds "11"]
[EventCountry "CAN"]
[SourceTitle "CA OP"]
[Source "ade"]

1. e4 e6 2. Nf3 d5 3. Nc3 Nf6 4. exd5 exd5 5. d4 c6 6. Bd3 Bg4 7. h3 Bh5 8. g4 Bg6 9. Qe2+ Qe7 10. Ne5 Bxd3 11. Nxd3 Nbd7 12. Qxe7+ Bxe7 13. Bf4 Nf8 14. O-O-O Ne6 15. Be5 O-O 16. f4 Nd7 17. f5 Nxe5 18. Nxe5 Nc7 19. h4 f6 20. Nd3 Bd6 21. Rdf1 Rae8 22. Kd2 Re7 23. Re1 Rfe8 24. Rxe7 Rxe7 25. Re1 Rxe1 26. Nxe1 h5 27. gxh5 Kh7 28. Ng2 Kh6 29. Ke3 Kxh5 30. Kf3 Bh2 31. Ne2 Nb5 32. Nef4+ Bxf4 33. Nxf4+ Kxh4 34. Ne6 Kh5 35. a4 Nd6 36. Kf4 g5+ 37. fxg6 Kxg6 38. Nd8 Kg7 39. b3 Kf8 40. Ne6+ Kf7 41. Nc5 b6 42. Na6 Nc8 43. c4 dxc4 44. bxc4 Ke6 45. Nb4 Ne7 46. Nd3 Ng6+ 47. Ke4 Nf8 48. Nf4+ Kd6 49. Kf5 Nd7 50. Nd3 Ke7 51. Nb4 Nb8 52. Nd3 Na6 53. Ke4 Nc7 54. Nb4 Kd6 55. Nd3 Ne6 56. Nc1 c5 57. d5 Nd4 58. Nd3 Nb3 59. Nf2 Na5 60. Kd3 f5 61. Nh3 Ke5 62. Ng5 Nb7 63. Ke3 f4+ 64. Kd3 Nd6 65. Nf3+ Kf5 66. Nd2 Kg4 67. Ne4 Nxe4 68. Kxe4 f3 69. d6 f2 70. d7 f1=Q 71. Ke5 Qf8 72. Kd5 Kf4 73. Kc6 Qd8 0-1

[Event "CAN-op"]
[Site "Vancouver CAN"]
[Date "1999.07.05"]
[Round "5"]
[White "Spraggett, Kevin"]
[Black "Fuentebella, Mayo"]
[Result "1-0"]
[WhiteElo "2645"]
[BlackElo "2332"]
[PlyCount "79"]
[GameId "2160767911743082"]
[EventDate "1999.07.02"]
[EventType "swiss"]
[EventRounds "11"]
[EventCountry "CAN"]
[SourceTitle "CA OP"]
[Source "ade"]

1. c4 c6 2. Nf3 d5 3. e3 Nf6 4. Nc3 e6 5. Qc2 Be7 6. b3 a6 7. d4 b5 8. Bd3 Nbd7 9. O-O b4 10. Na4 Bb7 11. e4 dxe4 12. Bxe4 Qc7 13. c5 a5 14. Bg5 Ba6 15. Rfe1 Bb5 16. Nb2 h6 17. Bh4 O-O 18. a4 Ba6 19. Bh7+ Kh8 20. Bd3 Bxd3 21. Qxd3 Rad8 22. Qc2 Nd5 23. Bg3 Qa7 24. Nc4 Kg8 25. h3 Rfe8 26. Rad1 Bf8 27. Rd3 f6 28. Nh4 e5 29. dxe5 Nxc5 30. Rdd1 fxe5 31. Nxe5 Re6 32. Nf5 Qb7 33. Nd4 Rf6 34. Ng4 Nc3 35. Nxf6+ gxf6 36. Rd2 Qf7 37. Nf5 Rxd2 38. Qxd2 Nxb3 39. Qd8 Qd5 40. Ne7+ 1-0

[Event "CAN-op"]
[Site "Vancouver CAN"]
[Date "1999.07.05"]
[Round "5"]
[White "Strojevs, Alexander"]
[Black "Palsson, Halldor"]
[Result "0-1"]
[WhiteElo "1884"]
[BlackElo "2202"]
[PlyCount "111"]
[GameId "2160767911743083"]
[EventDate "1999.07.02"]
[EventType "swiss"]
[EventRounds "11"]
[EventCountry "CAN"]
[SourceTitle "EXT 2022"]
[Source "ChessBase"]
[SourceDate "2021.10.06"]
[SourceVersion "1"]
[SourceVersionDate "2021.10.06"]
[SourceQuality "1"]

1. d4 d5 2. Nf3 e6 3. c4 c6 4. cxd5 exd5 5. Nc3 Nf6 6. Bg5 Be7 7. Ne5 Nbd7 8. Nxd7 Bxd7 9. e3 O-O 10. Be2 h6 11. Bxf6 Bxf6 12. Bg4 Re8 13. Bxd7 Qxd7 14. O-O Be7 15. Re1 Rad8 16. Qc2 f5 17. Ne2 Bd6 18. Nf4 Bxf4 19. exf4 Re4 20. Rxe4 dxe4 21. Qc4+ Qd5 22. Rc1 Qxc4 23. Rxc4 Kf7 24. Kf1 Ke6 25. Ke2 Rd5 26. Ke3 Ra5 27. a3 Rb5 28. b4 a5 29. Kd2 axb4 30. axb4 Rb6 31. Ke3 Ra6 32. Rc3 Ra4 33. Rb3 b5 34. f3 exf3 35. Kxf3 Kd5 36. Ke3 Kc4 37. Rb2 Ra3+ 38. Kf2 Kxd4 39. Rc2 Rc3 40. Re2 Kc4 41. Re5 Kxb4 42. Rxf5 c5 43. Rf7 g5 44. f5 Rc2+ 45. Kf3 c4 46. f6 Rc1 47. Kf2 Rc2+ 48. Kf3 Rd2 49. Re7 Rd6 50. f7 Rf6+ 51. Ke2 Kb3 52. Re3+ c3 53. Rf3 Rxf3 54. Kxf3 c2 55. f8=Q c1=Q 56. Qxh6 0-1

[Event "CAN-op"]
[Site "Vancouver CAN"]
[Date "1999.07.05"]
[Round "5"]
[White "Wong, Samuel"]
[Black "Basanta, Gary"]
[Result "0-1"]
[WhiteElo "2070"]
[BlackElo "2394"]
[PlyCount "48"]
[GameId "2160767911743084"]
[EventDate "1999.07.02"]
[EventType "swiss"]
[EventRounds "11"]
[EventCountry "CAN"]
[SourceTitle "CA OP"]
[Source "ade"]

1. d4 c5 2. d5 Nf6 3. c4 b5 4. cxb5 e6 5. Nc3 exd5 6. Nxd5 Bb7 7. Nxf6+ Qxf6 8. Nf3 d5 9. e3 Bd6 10. Qc2 O-O 11. Bd3 g6 12. O-O Re8 13. Re1 Nd7 14. e4 c4 15. Bf1 dxe4 16. Ng5 Rac8 17. Nxe4 Bxh2+ 18. Kh1 Qe5 19. Nf6+ Qxf6 20. Rxe8+ Rxe8 21. Kxh2 Re1 22. Qd2 Rxf1 23. Qxd7 Qh4+ 24. Qh3 Rh1+ 0-1

[Event "CAN-op"]
[Site "Vancouver CAN"]
[Date "1999.07.05"]
[Round "5"]
[White "Yoos, John"]
[Black "Sokourinski, Sergei"]
[Result "1-0"]
[WhiteElo "2443"]
[BlackElo "2253"]
[PlyCount "83"]
[GameId "2160767911743085"]
[EventDate "1999.07.02"]
[EventType "swiss"]
[EventRounds "11"]
[EventCountry "CAN"]
[SourceTitle "CA OP"]
[Source "ade"]

1. e4 c6 2. d4 d5 3. e5 c5 4. dxc5 Nc6 5. Nf3 Bg4 6. Bb5 e6 7. b4 Nge7 8. Bb2 Ng6 9. O-O a5 10. a3 axb4 11. axb4 Rxa1 12. Bxa1 Qa8 13. Nbd2 Be7 14. c4 O-O 15. cxd5 exd5 16. Qb3 Rd8 17. Re1 Be6 18. Bb2 Qb8 19. h3 Qc7 20. Qa4 Qc8 21. Bf1 Nb8 22. Nd4 Bd7 23. Qb3 Nf4 24. Qg3 Ng6 25. Rc1 Bh4 26. Qe3 Re8 27. N2f3 Bf6 28. Nb5 Bxb5 29. Bxb5 Nc6 30. Re1 Ngxe5 31. Nxe5 Bxe5 32. Bxe5 Rxe5 33. Qxe5 Nxe5 34. Rxe5 Kf8 35. Kf1 f6 36. Re8+ Qxe8 37. Bxe8 Kxe8 38. Ke2 Kd7 39. b5 Kc7 40. Kd3 b6 41. Kd4 bxc5+ 42. Kxc5 1-0

[Event "CAN-op"]
[Site "Vancouver CAN"]
[Date "1999.07.07"]
[Round "5"]
[White "Harmon, Clark"]
[Black "Huber, Gregory"]
[Result "1/2-1/2"]
[WhiteElo "2180"]
[BlackElo "2209"]
[PlyCount "66"]
[GameId "2160767911743086"]
[EventDate "1999.07.02"]
[EventType "swiss"]
[EventRounds "11"]
[EventCountry "CAN"]
[SourceTitle "EXT 2000"]
[Source "ChessBase"]
[SourceDate "1999.11.18"]
[SourceVersion "1"]
[SourceVersionDate "1999.11.18"]
[SourceQuality "1"]

1. d4 c5 2. d5 f5 3. Nf3 Nf6 4. g3 g6 5. b3 Bg7 6. Bb2 O-O 7. Bg2 b5 8. O-O Bb7 9. c4 Qb6 10. Qc2 Na6 11. Nbd2 Rab8 12. Be5 d6 13. Bc3 Bc8 14. Rad1 Bd7 15. Ne1 Nb4 16. Qb2 bxc4 17. Nxc4 Qc7 18. f3 Nh5 19. Bxg7 Nxg7 20. e4 Bb5 21. Qe2 Bxc4 22. bxc4 Qa5 23. Rd2 f4 24. Bh3 h6 25. Ng2 fxg3 26. hxg3 Nh5 27. Kh2 Qa3 28. Bg4 Nf6 29. Be6+ Kh7 30. f4 Qc3 31. Rf3 Qc1 32. Rf1 Qc3 33. Rf3 Qc1 1/2-1/2

[Event "CAN-op"]
[Site "Vancouver CAN"]
[Date "1999.07.07"]
[Round "5"]
[White "Saidy, Anthony"]
[Black "Orlov, Georgi"]
[Result "1-0"]
[WhiteElo "2375"]
[BlackElo "2501"]
[PlyCount "103"]
[GameId "2160767911743087"]
[EventDate "1999.07.02"]
[EventType "swiss"]
[EventRounds "11"]
[EventCountry "CAN"]
[SourceTitle "EXT 2000"]
[Source "ChessBase"]
[SourceDate "1999.11.18"]
[SourceVersion "1"]
[SourceVersionDate "1999.11.18"]
[SourceQuality "1"]

1. d4 Nf6 2. Nf3 e6 3. c4 Nc6 4. g3 Bb4+ 5. Bd2 Qe7 6. Bg2 Bxd2+ 7. Nbxd2 d6 8. e4 O-O 9. O-O e5 10. d5 Nb8 11. b4 a5 12. a3 c6 13. Qb3 Na6 14. Ne1 cxd5 15. cxd5 axb4 16. axb4 Bd7 17. Nc2 Nc7 18. Nc4 Nb5 19. Nb6 Rab8 20. Ra5 Qd8 21. Nxd7 Qxd7 22. Qd3 Rfc8 23. Rfa1 Nc7 24. Bf1 Na6 25. R5a4 Rc7 26. Ne3 Rbc8 27. f3 Rc1 28. Qd2 Rxa1 29. Rxa1 Nc7 30. Rc1 Nce8 31. Nc4 Qd8 32. Kg2 Rb8 33. Qe3 Nd7 34. Na5 Nb6 35. Bb5 Kf8 36. Rc2 Nf6 37. Qc1 g6 38. Rc7 Nbxd5 39. exd5 Nxd5 40. Rd7 Qb6 41. Nc4 Qd4 42. Nxd6 Ne3+ 43. Kh3 g5 44. Qc5 g4+ 45. Kh4 gxf3+ 46. Qxd4 exd4 47. Rxf7+ Kg8 48. Rxf3 Rd8 49. Bc4+ Kg7 50. Nf5+ Nxf5+ 51. Rxf5 d3 52. Rd5 1-0

[Event "CAN-op"]
[Site "Vancouver CAN"]
[Date "1999.07.06"]
[Round "6"]
[White "Davidson, Brian"]
[Black "Brodie, Hugh"]
[Result "1/2-1/2"]
[WhiteElo "1745"]
[BlackElo "1990"]
[PlyCount "50"]
[GameId "2160767911743088"]
[EventDate "1999.07.02"]
[EventType "swiss"]
[EventRounds "11"]
[EventCountry "CAN"]

1. d4 e6 2. c4 f5 3. Nc3 Nf6 4. Bg5 Bb4 5. Qb3 Bxc3+ 6. Qxc3 b6 7. Nf3 Bb7 8. e3 O-O 9. Be2 d6 10. Qb3 Qe8 11. c5 Bd5 12. Bc4 bxc5 13. Bxf6 Bxc4 14. Qxc4 Rxf6 15. dxc5 d5 16. Qh4 e5 17. O-O c6 18. Rfe1 Nd7 19. b4 Rb8 20. a3 Rg6 21. Qh3 Qf7 22. Rab1 Qf6 23. Qh4 Qf8 24. Qh3 Rb7 25. Rec1 Rh6 1/2-1/2

[Event "CAN-op"]
[Site "Vancouver CAN"]
[Date "1999.07.06"]
[Round "6"]
[White "Davies, Noam"]
[Black "Strojevs, Alexander"]
[Result "1-0"]
[WhiteElo "1471"]
[BlackElo "1884"]
[PlyCount "50"]
[GameId "2160767911743089"]
[EventDate "1999.07.02"]
[EventType "swiss"]
[EventRounds "11"]
[EventCountry "CAN"]
[SourceTitle "EXT 2022"]
[Source "ChessBase"]
[SourceDate "2021.10.06"]
[SourceVersion "1"]
[SourceVersionDate "2021.10.06"]
[SourceQuality "1"]

1. e4 c5 2. Nc3 d6 3. g3 Nc6 4. Bg2 Nf6 5. f4 e6 6. Nf3 Be7 7. d3 a6 8. O-O Qc7 9. h3 b5 10. e5 Nd7 11. exd6 Bxd6 12. Ne4 Be7 13. Ne5 Ndxe5 14. fxe5 Bb7 15. Qh5 Qxe5 16. Qxf7+ Kd7 17. Bf4 Qd4+ 18. Kh2 Raf8 19. Qh5 g6 20. Qe2 Rf5 21. g4 Rff8 22. c3 Qg7 23. Qe3 e5 24. Bh6 Qg8 25. Bxf8 Bxf8 1-0

[Event "CAN-op"]
[Site "Vancouver CAN"]
[Date "1999.07.06"]
[Round "6"]
[White "Fuentebella, Mayo"]
[Black "Villeneuve, Robert"]
[Result "1-0"]
[WhiteElo "2332"]
[BlackElo "2153"]
[PlyCount "99"]
[GameId "2160767911743090"]
[EventDate "1999.07.02"]
[EventType "swiss"]
[EventRounds "11"]
[EventCountry "CAN"]

1. c4 e5 2. g3 Nf6 3. Bg2 d5 4. cxd5 Nxd5 5. Nc3 Nb6 6. Nf3 Nc6 7. O-O Be7 8. d3 O-O 9. a3 Be6 10. b4 a5 11. b5 Nd4 12. Nd2 c6 13. bxc6 Nxc6 14. Rb1 f6 15. Nde4 Rb8 16. Be3 Nd4 17. Nb5 Nxb5 18. Rxb5 Nd5 19. Bd2 Bxa3 20. Rxa5 Be7 21. Rb5 b6 22. Qb1 Ra8 23. Nc3 Nxc3 24. Bxc3 Rb8 25. Bb4 Bxb4 26. Rxb4 Bd5 27. Bxd5+ Qxd5 28. Rxb6 Rxb6 29. Qxb6 Qa2 30. Re1 Rc8 31. f4 Rc2 32. Qe3 Qa5 33. Kf2 Rc8 34. Rc1 Rxc1 35. Qxc1 exf4 36. Qc8+ Kf7 37. Qd7+ Kf8 38. Qd6+ Kf7 39. Qxf4 Qh5 40. h4 Qc5+ 41. Kg2 Qd5+ 42. Qf3 Qe5 43. Qb7+ Kf8 44. Qe4 Qh5 45. d4 f5 46. Qe5 Qf7 47. d5 g6 48. Kf3 Kg8 49. Kf4 h6 50. Qe6 1-0

[Event "CAN-op"]
[Site "Vancouver CAN"]
[Date "1999.07.06"]
[Round "6"]
[White "Gardner, Robert"]
[Black "Arabacioglu, Murat"]
[Result "1/2-1/2"]
[WhiteElo "2338"]
[BlackElo "2130"]
[PlyCount "136"]
[GameId "2160767911743091"]
[EventDate "1999.07.02"]
[EventType "swiss"]
[EventRounds "11"]
[EventCountry "CAN"]

1. e4 c5 2. Nf3 d6 3. d4 cxd4 4. Nxd4 Nf6 5. Nc3 a6 6. Be2 e5 7. Nb3 Be7 8. Be3 Be6 9. O-O O-O 10. Qd2 Qc7 11. Rfd1 Nbd7 12. a4 Rac8 13. Rac1 Nb6 14. Na1 Nc4 15. Bxc4 Qxc4 16. f3 Rfd8 17. Bb6 Rd7 18. Qe3 Qb4 19. Nd5 Bxd5 20. exd5 Qxa4 21. b3 Qh4 22. c4 Bd8 23. Bxd8 Rcxd8 24. b4 b5 25. g3 Qh5 26. cxb5 axb5 27. Nb3 Re8 28. Na5 e4 29. fxe4 Nxe4 30. Rd4 f5 31. Qd3 Ng5 32. Rf1 Re4 33. Rxe4 fxe4 34. Qxb5 Rd8 35. Qb6 Re8 36. h4 Nf3+ 37. Kg2 Qxd5 38. Qc6 Qxc6 39. Nxc6 d5 40. b5 Ne5 41. Nxe5 Rxe5 42. b6 Re8 43. b7 Rb8 44. Rd1 Rxb7 45. Rxd5 Kf7 46. Rd4 Re7 47. Kf2 Kf6 48. Ke3 Kf5 49. Rd5+ Kg4 50. Rg5+ Kh3 51. h5 Kg2 52. Rg4 Kh3 53. Rg5 Kh2 54. h6 gxh6 55. Rh5+ Kxg3 56. Rxh6 Kg4 57. Rh1 h5 58. Rg1+ Kf5 59. Rf1+ Ke5 60. Rh1 Rh7 61. Rh4 Kf5 62. Rxe4 h4 63. Kf3 h3 64. Re1 Ra7 65. Kg3 Ra3+ 66. Kh2 Kg4 67. Re4+ Kg5 68. Rb4 Kf5 1/2-1/2

[Event "CAN-op"]
[Site "Vancouver CAN"]
[Date "1999.07.06"]
[Round "6"]
[White "Golts, Roman"]
[Black "Kleist, Frederick"]
[Result "1/2-1/2"]
[WhiteElo "2298"]
[BlackElo "2061"]
[PlyCount "91"]
[GameId "2160767911743092"]
[EventDate "1999.07.02"]
[EventType "swiss"]
[EventRounds "11"]
[EventCountry "CAN"]

1. e4 Nf6 2. e5 Nd5 3. d4 d6 4. c4 Nb6 5. f4 Bf5 6. Nc3 e6 7. Nf3 Na6 8. a3 c5 9. dxc5 dxc5 10. Be3 Qxd1+ 11. Rxd1 Rd8 12. Rxd8+ Kxd8 13. Be2 f6 14. Kd2 Bg4 15. b3 Nb8 16. h3 Bh5 17. g4 Bf7 18. g5 N6d7 19. exf6 gxf6 20. Ne4 f5 21. Ng3 Nc6 22. h4 Kc7 23. h5 Be7 24. Kc1 Rd8 25. Rd1 b6 26. h6 Nf8 27. Rxd8 Kxd8 28. Nh4 Bd6 29. Bh5 Bxh5 30. Nxh5 Ne7 31. Bd2 Ke8 32. Bc3 Kf7 33. Kd2 Neg6 34. Ng2 Nd7 35. Ke3 a5 36. Ng7 Nb8 37. Nh5 Nd7 38. Kf3 Bc7 39. Ne3 Bd6 40. Ng2 Bc7 41. Ne1 Bd6 42. Nd3 Be7 43. Ng7 Bd6 44. Nh5 Be7 45. Ng7 Bd6 46. Nh5 1/2-1/2